Państwa z największą liczbą nagród Nobla - Statystyki

Ogólne statystyki
  • Ten quiz został rozwiązany 34 745 razy
  • Średni wynik to 15 z 19
Statystyki odpowiedzi
# Kraj % Poprawnych
19 Polska
98%
413 Stany Zjednoczone
98%
115 Niemcy
96%
76 Francja
95%
30 Rosja / Związek Radziecki
95%
138 Wielka Brytania
88%
27 Kanada
87%
34 Szwecja
84%
29 Japonia
83%
21 Włochy
83%
14 Norwegia
80%
12 Indie
69%
14 Australia
66%
25 Austria
64%
25 Szwajcaria
64%
22 Holandia
62%
14 Dania
61%
15 Węgry
46%
13 Izrael
34%
Nie znaleziono quizów pasujących do podanych kryteriów
Rozkład punktacji
Procent ludzi z każdym wynikiem
Percentyl według liczby udzielonych odpowiedzi
Twoja historia wyników
Nie rozwiązałeś tego quizu